000 01225nam a22002657i 4500
003 EG-ScBUE
005 20250601082156.0
008 091105r19901989ii a f 000 0 eng d
040 _aEG-ScBUE
_beng
_erda
_cEG-ScBUE
_dEG-ScBUE
082 0 4 _222
_a530.11
_bLAL
100 1 _aLal, Brij,
_eauthor.
245 1 0 _aMechanics and relativity :
_bfor B. Sc. (pass honcurs and subsidiary), engineering students of Indian Universities and IAS examinations /
_cBrij Lal, M.Sc., Department of Physics, Hindu College, University of Delhi, Delhi and N. Subrahmanyam, M.Sc., Ph.D., Department of Physycs, Kirori Mal College, University of Delhi, Delhi.
250 _aReprinted with corrections.
264 1 _aRam Nagar, New Delhi :
_bS. Chand & Company, Ltd.,
_c1990.
300 _a1 volume (various pagings) :
_billustrations ;
_c20 cm
336 _2rdacontent
_atext
_btxt
337 _aunmediated
_2rdamedia
_bn
338 _avolume
_bnc
_2rdacarrier
521 _aFor B. Sc. (pass honcurs and subsidiary), engineering students of Indian universities and IAS examinations.
650 7 _2BUEsh
_aMechanics.
650 7 _2BUEsh
_aRelativity (Physics)
655 _vReading book
700 1 _aSubrahmanyam, N.,
_eauthor.
942 _2ddc
_cBB
999 _c12874
_d12874